Modlitwa "Ojcze nasz" - Statystyki

Ogólne statystyki
  • Ten quiz został rozwiązany 104 razy
  • Średni wynik to 48 z 52
Statystyki odpowiedzi
Słowa % Poprawnych
na
100%
na
100%
nas
100%
nas
100%
nasz,
100%
Ojcze
100%
jest
99%
któryś
99%
nie
99%
niebie,
99%
niebie
99%
w
99%
w
99%
i
97%
i
97%
i
97%
I
97%
święć
97%
królestwo
96%
Twoje;
96%
Twoje;
96%
imię
95%
jako
94%
jako
94%
ziemi.
94%
bądź
93%
my
93%
nam
93%
nam
93%
nasze
91%
przyjdź
91%
tak
91%
Twoja,
91%
wola
91%
Chleba
90%
daj
90%
dzisiaj
89%
naszym
88%
odpuść
88%
odpuszczamy
88%
się
87%
winy,
87%
Amen.
86%
naszego
86%
powszedniego
86%
pokuszenie,
85%
winowajcom
84%
zbaw
84%
złego.
84%
ale
83%
ode
83%
wódź
81%
Nie znaleziono quizów pasujących do podanych kryteriów
Rozkład punktacji
Procent ludzi z każdym wynikiem
Percentyl według liczby udzielonych odpowiedzi
Twoja historia wyników
Nie rozwiązałeś tego quizu